000 00311nam a2200121Ia 4500
008 220204s9999 xx 000 0 und d
082 _a37(035)
_bGRU
100 _aGruber, Edward C
245 0 _aMonarch's preparation for the GRE
260 _aNew York
_bMonarch
_c1982
700 _aGruber, Gary R
942 _cBK
999 _c37863
_d37863